01481nam a2200349 a 4500001001200000003000800012006001900020007001500039008004100054040002100095035002100116043002100137050002400158100002900182245013800211260008400349300001800433490003300451500002000484504004900504533015200553650003100705650002800736650004600764650004300810655002900853710005500882710001700937830003400954856012600988999001701114ebr10302952CaPaEBRm u cr cn|||||||||090810s2006 dcua sb 000 0 eng d aCaPaEBRcCaPaEBR a(OCoLC)535146949 afc-----afw-----14aHJ3021b.D64 2006eb1 aDoe, Lubin Kobla,d1946-10aHarmonization of domestic consumption taxes in Central and Western African countriesh[electronic resource] /cprepared by Lubin Doe. a[Washington, D.C.] :bInternational Monetary Fund, Fiscal Affairs Dept.,c2006. a30 p. :bill.1 aIMF working paper ;vWP/06/8 a"January 2006." aIncludes bibliographical references (p. 30). aElectronic reproduction.bPalo Alto, Calif. :cebrary,d2013.nAvailable via World Wide Web.nAccess may be limited to ebrary affiliated libraries. 0aTaxationzAfrica, Central. 0aTaxationzAfrica, West. 0aConsumption (Economics)zAfrica, Central. 0aConsumption (Economics)zAfrica, West. 7aElectronic books.2local2 aInternational Monetary Fund.bFiscal Affairs Dept.2 aebrary, Inc. 0aIMF working paper ;vWP/06/8.40uhttp://site.ebrary.com/lib/rucke/Doc?id=10302952zAn electronic book accessible through the World Wide Web; click to view c68619d68619